Beyond Bitcoin (Registro nro. 52705)
[ vista simple ]
| 000 -CABECERA | |
|---|---|
| Longitud fija campo de control | 02302nam a2200409 i 4500 |
| 001 - NÚMERO DE CONTROL | |
| Número de control | 52705 |
| 003 - IDENTIFICADOR DE NÚMERO DE CONTROL | |
| Identificador del número de control | ES-MaCES |
| 005 - FECHA Y HORA DE LA ÚLTIMA TRANSACCIÓN | |
| Fecha y hora de la última transacción | 20250203133353.0 |
| 008 - CAMPO FIJO DE DESCRIPCIÓN FIJA--INFORMACIÓN GENERAL | |
| Códigos de información de longitud fija | 230414s2022 uk || 000 | eng d |
| 020 ## - ISBN (INTERNATIONAL STANDARD BOOK NUMBER) | |
| Número Internacional Normalizado para Libros (ISBN) | 9781785788307 |
| 040 ## - FUENTE DE CATALOGACIÓN | |
| Centro catalogador de origen | ES-MaCES |
| Lengua de catalogación | spa |
| Centro transcriptor | ES-MaCES |
| 100 1# - ENCABEZAMIENTO PRINCIPAL--NOMBRE PERSONAL | |
| 9 (RLIN) | 40652 |
| Nombre de persona | Sidley, Steven Boykey |
| 245 10 - MENCIÓN DE TÍTULO | |
| Título | Beyond Bitcoin |
| Resto del título | : decentralised finance and the end of banks |
| Mención de responsabilidad, etc. | Steven Boykey Sidley & Simon Dingle |
| 250 ## - MENCIÓN DE EDICIÓN | |
| Mención de edición | 1st ed |
| 260 ## - PUBLICACIÓN, DISTRIBUCIÓN, ETC (PIE DE IMPRENTA) | |
| Lugar de publicación, distribución, etc. | London |
| Nombre del editor, distribuidor, etc. | Icon |
| Fecha de publicación, distribución, etc. | 2022 |
| 300 ## - DESCRIPCIÓN FÍSICA | |
| Extensión | XIV, 242 p. |
| Dimensiones | 20 cm |
| 500 ## - NOTA GENERAL | |
| Nota general | Índices |
| 520 3# - RESUMEN, ETC. | |
| Sumario, etc, | Después de más de una década de Bitcoin, que ahora se ha movido más allá de la tradición y la exageración para convertirse en una estrella cada vez más sólida en el firmamento de los activos globales, ha surgido una pregunta nueva y más importante. ¿Qué sucede más allá de Bitcoin? La respuesta es la financiación descentralizada: 'DeFi'.<br/>Los expertos en tecnología y finanzas Steven Boykey Sidley y Simon Dingle argumentan que DeFi, que permite que se realicen todo tipo de transacciones financieras directamente, de persona a persona, sin la participación de instituciones financieras, rediseñará los engranajes y las ruedas de los motores de confianza, y hacer que el notable aumento de Bitcoin parezca pintoresco en comparación. Interrumpirá y desplazará a empresas excelentes y respetables, si no a industrias enteras.<br/>Sidley y Dingle explican cómo funciona DeFi, presentan a las organizaciones e individuos que componen la nueva industria e identifican a los posibles ganadores y perdedores en la próxima revolución.<br/> |
| 541 ## - NOTA DE LA FUENTE INMEDIANTE DE ADQUISICIÓN | |
| Forma de adquisición | Compra |
| 650 #4 - ASIENTO SECUNDARIO DE MATERIA--TÉRMINO DE MATERIA | |
| Término de materia o nombre geográfico como elemento inicial | moneda |
| 9 (RLIN) | 28095 |
| 650 #4 - ASIENTO SECUNDARIO DE MATERIA--TÉRMINO DE MATERIA | |
| Término de materia o nombre geográfico como elemento inicial | nuevas tecnologías |
| 9 (RLIN) | 30788 |
| 650 #4 - ASIENTO SECUNDARIO DE MATERIA--TÉRMINO DE MATERIA | |
| Término de materia o nombre geográfico como elemento inicial | tecnología de la información |
| 9 (RLIN) | 30104 |
| 650 #4 - ASIENTO SECUNDARIO DE MATERIA--TÉRMINO DE MATERIA | |
| Término de materia o nombre geográfico como elemento inicial | mercado financiero |
| 9 (RLIN) | 28150 |
| 650 #4 - ASIENTO SECUNDARIO DE MATERIA--TÉRMINO DE MATERIA | |
| Término de materia o nombre geográfico como elemento inicial | banco |
| 9 (RLIN) | 28104 |
| 650 #4 - ASIENTO SECUNDARIO DE MATERIA--TÉRMINO DE MATERIA | |
| Término de materia o nombre geográfico como elemento inicial | actividad bancaria |
| 9 (RLIN) | 28105 |
| 650 #4 - ASIENTO SECUNDARIO DE MATERIA--TÉRMINO DE MATERIA | |
| Término de materia o nombre geográfico como elemento inicial | descentralización |
| 9 (RLIN) | 27218 |
| 650 #4 - ASIENTO SECUNDARIO DE MATERIA--TÉRMINO DE MATERIA | |
| Término de materia o nombre geográfico como elemento inicial | evaluación del impacto |
| 9 (RLIN) | 30732 |
| 650 #4 - ASIENTO SECUNDARIO DE MATERIA--TÉRMINO DE MATERIA | |
| Término de materia o nombre geográfico como elemento inicial | política financiera |
| 9 (RLIN) | 28124 |
| 650 #4 - ASIENTO SECUNDARIO DE MATERIA--TÉRMINO DE MATERIA | |
| Término de materia o nombre geográfico como elemento inicial | política monetaria |
| 9 (RLIN) | 28101 |
| 650 #4 - ASIENTO SECUNDARIO DE MATERIA--TÉRMINO DE MATERIA | |
| Término de materia o nombre geográfico como elemento inicial | política crediticia |
| 9 (RLIN) | 28109 |
| 650 #4 - ASIENTO SECUNDARIO DE MATERIA--TÉRMINO DE MATERIA | |
| Término de materia o nombre geográfico como elemento inicial | reforma monetaria internacional |
| 9 (RLIN) | 28165 |
| 650 #4 - ASIENTO SECUNDARIO DE MATERIA--TÉRMINO DE MATERIA | |
| Término de materia o nombre geográfico como elemento inicial | mecanismo de control |
| 9 (RLIN) | 29918 |
| 653 10 - TÉRMINO DE INDEXACIÓN--NO CONTROLADO | |
| Término no controlado | Financiación |
| 700 1# - ENCABEZAMIENTO SECUNDARIO--NOMBRE PERSONAL | |
| 9 (RLIN) | 40653 |
| Nombre de persona | Dingle, Simon |
| 902 ## - CES. TIPO DE DOCUMENTO | |
| Tipodoc (006$c Sirtex) | LIB Libro |
| 942 ## - ELEMENTOS KOHA | |
| Fuente de clasificaión o esquema | Clasificación propia del CES |
| Koha [por defecto] tipo de item | Monografías |
| Parte de clasificación | Economía |
| Número de registro | Signatura completa | Tipo de item de Koha |
|---|---|---|
| 093046 | SG-0.0.-818 | Monografías |
